000 01560nam a2200397 a 4500
999 _c11359
_d11359
001 11359
003 BD-JhCC
005 20190902093810.0
008 190902s2012 bg ab b 001 0 eng d
010 _a 2014355431
016 7 _a016416642
_2Uk
020 _a9789845060493
020 _a9845060498
025 _aB-E-2014-355431; 22-91; 17
035 _a(BD-JhCC)11359
037 _aLibrary of Congress -- New Delhi Overseas Office
040 _aUKMGB
_beng
_erda
_cUKMGB
_dOCLCO
_dDKAGE
_dDLC
_dBD-JhCC
042 _alccopycat
_alcode
050 0 0 _aGB314.B3
_b.B73 2012
082 0 4 _a915.49202
_223
_bBRA 2012
100 1 _aBrammer, H.,
_eauthor.
245 1 4 _aThe physical geography of Bangladesh /
_cHugh Brammer.
264 1 _aDhaka :
_bThe University Press Limited,
_c2012.
300 _axix, 547 pages :
_billustrations (some color), maps (some colour) ;
_c25 cm +
_e1 CD-ROM
336 _atext
_btxt
_2rdacontent
336 _acartographic image
_bcri
_2rdacontent
337 _aunmediated
_bn
_2rdamedia
337 _acomputer
_bc
_2rdamedia
338 _avolume
_bnc
_2rdacarrier
338 _acomputer disc
_bcd
_2rdacarrier
500 _aIncludes a CD-ROM containing Maps 1, 2, 3, and 4.
504 _aIncludes bibliographical references and index.
505 8 _aContents on CD: 1. Bangladesh physiographic regions and subregions -- 2. Madhupur tract subtracts -- 3. Barind tract (subregions and subtracts) -- 4. Matamuhuri tidal floodplain and Teknaf peninsula (subtracts).
650 0 _aPhysical geography
_zBangladesh.
942 _2ddc
_cBK